00738nam a2200217Ia 4500003000900000008004100009020001800050040001600068080002100084100002800105245011000133250001200243260003400255300001000289650004100299650002500340650002600365942000700391999001500398952010700413IN-BaIIA211028s9999 xx 000 0 eng d a0-571-18026-4 cIIA Library a523.45(035)bPEE aPeek, Bertrand M.93364 4aThe planet Jupiterbthe observer's handbookcBertrand M. Peek  a2nd ed. aLondonbFaber and Faberc1981 a240p. aAstronomy and astrophysics thesaurus aPlanet Jupiter91376 aPlanetary system9756 cBK c7290d7290 00104070aBANbBANcGENd1983-03-09l0o523.45(035)/ PEEp8092r2021-11-05w1983-03-09yBKG£ 10.00